Catálogo público

The study of plant disease epidemics / (Record no. 204411)

MARC details
000 -CABECERA
campo de control de longitud fija 00977nam a2200325Ia 4500
001 - NÚMERO DE CONTROL
campo de control Para_10516
003 - IDENTIFICADOR DEL NÚMERO DE CONTROL
campo de control CHAP
008 - DATOS DE LONGITUD FIJA--INFORMACIÓN GENERAL
campo de control de longitud fija 220125s2011 xx 000 0 und d
010 ## - NÚMERO DE CONTROL DE LA BIBLIOTECA DEL CONGRESO
Número de control de LC 204411
020 ## - NÚMERO INTERNACIONAL ESTÁNDAR DEL LIBRO
Número Internacional Estándar del Libro 978 - 0 - 89054 - 354 - 2
040 ## - FUENTE DE LA CATALOGACIÓN
Centro/agencia transcriptor CHAP
082 ## - NÚMERO DE LA CLASIFICACIÓN DECIMAL DEWEY
Número de clasificación PA 581.47 M33 2011
100 ## - ENTRADA PRINCIPAL--NOMBRE DE PERSONA
Nombre de persona Madden, Laurence V.
9 (RLIN) 69581
245 ## - MENCIÓN DE TÍTULO
Título The study of plant disease epidemics /
Mención de responsabilidad, etc. Laurence V. Madden, Gareth Hughes, Frank Van de Bosch
250 ## - MENCIÓN DE EDICIÓN
Mención de edición 3
260 ## - PUBLICACIÓN, DISTRIBUCIÓN, ETC.
Lugar de publicación, distribución, etc. Estados Unidos de América :
Nombre del editor, distribuidor, etc. APS
300 ## - DESCRIPCIÓN FÍSICA
Extensión xiv, 421p.
500 ## - NOTA GENERAL
Nota general Incluye referencias bibliográficas e índice
650 ## - PUNTO DE ACCESO ADICIONAL DE MATERIA--TÉRMINO DE MATERIA
Término de materia o nombre geográfico como elemento de entrada Epidemiología
650 ## - PUNTO DE ACCESO ADICIONAL DE MATERIA--TÉRMINO DE MATERIA
Término de materia o nombre geográfico como elemento de entrada Patología Vegetal
9 (RLIN) 144627
700 ## - PUNTO DE ACCESO ADICIONAL--NOMBRE DE PERSONA
Nombre de persona I.Hughes, Gareth, Coaut.
9 (RLIN) 170316
700 ## - PUNTO DE ACCESO ADICIONAL--NOMBRE DE PERSONA
Nombre de persona II.Van den Bosch, Frank, Coaut.
9 (RLIN) 170317
901 ## - ELEMENTOS DE DATOS A LOCAL LDA (RLIN)
a PA 581.47 M33 2011
902 ## - ELEMENTOS DE DATOS B LOCAL, LDB (RLIN)
a M
905 ## - ELEMENTOS DE DATOS E LOCAL, LDE (RLIN)
a 5232202011 xxuan 8000000300eng06
910 ## - DATOS DE OPCIÓN DEL USUARIO (OCLC)
Datos de opción del usuario 2011
942 ## - ELEMENTOS DE PUNTO DE ACCESO ADICIONAL (KOHA)
Tipo de ítem Koha Parasitologia_
942 ## - ELEMENTOS DE PUNTO DE ACCESO ADICIONAL (KOHA)
Tipo de ítem Koha Parasitologia_
-- 1
Holdings
Estado de retiro Estado de pérdida Fuente del sistema de clasificación o colocación Estado dañado No para préstamo Código de colección Localización permanente Ubicación/localización actual Fecha de adquisición Información codificada de la localización en otra ubicación Número de inventario Total de préstamos Signatura topográfica completa Código de barras Fecha visto por última vez Fecha del último préstamo Número de copia Precio válido a partir de Tipo de ítem Koha Nota pública
    Dewey Decimal Classification     General Parasitologia Agricola Parasitologia Agricola 12/02/2020 PARA PA_010841) (No. UACh C/E) 1 PA 581.47 M33 2011 4102000514 13/02/2023 13/02/2023 Ej.1 25/01/2022 Libro 2